00616cam a22001577a 4500020001800000020001500018040000800033082002600041245009400067260011800161300004500279490003200324650002300356700001800379710006100397 a9789251077627 a9251077622 cDKU04a338 PLA 2013 A015 Or.00aAgricultural mechanization in sub-Saharan Africa :bguidelines for preparing a strategy / aRome :bPlant Production and Protection Division, Food and Agriculture Organization of the United Nations,c2013. axiv, 93 p. :bill. (some col.) ;c25 cm.1 aIntegrated crop management, 0aFarm mechanization1 aHoumy, Karim,2 aFood and Agriculture Organization of the United Nations.